Technologie Betriebsprojektierung : Gesamtbetrieb /

Salvato in:
Dettagli Bibliografici
Autore principale: Rockstroh, Wolfgang (Autore)
Natura: Libro
Lingua:tedesco
Pubblicazione: Berlin : VEB Verlag Technik, 1971
Tags: Aggiungi Tag
Nessun Tag, puoi essere il primo ad aggiungerne!!

MARC

LEADER 00000nam a22000003a 4500
001 stu41392
005 20150617225719.8
008 931123s1971----gw------------------ger-d
040 |a STU  |b slo 
041 0 |a ger 
044 |a gw 
100 1 |a Rockstroh, Wolfgang  |4 aut 
245 1 |a Technologie Betriebsprojektierung :  |b Gesamtbetrieb /  |c [aut.]Wolfgang Rockstroh 
260 |a Berlin :  |b VEB Verlag Technik,  |c 1971 
300 |a 212 s 
996 |b 284M012600  |c M*5770-1  |l MMKN  |s A  |a 24  |w stu41392_0001